| 000 | 00626nam a2200217 a 4500 | ||
|---|---|---|---|
| 001 | 13830 | ||
| 003 | BD-JhCC | ||
| 005 | 20240417123558.0 | ||
| 008 | 240415b19741993bg |||| ||a| 000 0 bng d | ||
| 035 | _a(BD-JhCC)13830 | ||
| 040 |
_aBD-JhCC _dBD-JhCC |
||
| 041 | _aBengali | ||
| 082 |
_a891.443 _bDEV 1993 |
||
| 100 | _a দেবী , মৈত্রেয়ী | ||
| 245 |
_aন হন্যতে / _c মৈত্রেয়ী দেবী । |
||
| 260 |
_aঢাকা: _bপ্রাইমা পাব:; _c1993. |
||
| 300 |
_a128 p. : _c22 cm. |
||
| 650 | _aBengali Novel. | ||
| 942 |
_2ddc _cBK |
||
| 999 |
_c13830 _d13830 |
||